000 00468nam a22001817a 4500
005 20230819160119.0
008 221219b |||||||| |||| 00| 0 eng d
020 _a978-0-7020-8347-1
041 _aeng
082 _a615 PEN -D
100 _aPENMAN , IAN D AND OTHERS
_98062
245 _aDAVIDSON'S PRINCIPLES AND PRACTICE OF MEDICINE
250 _a24th ed.
260 _aLONDON
_bELSEVIER
_c2023
300 _a1357;P.
650 _aBPT
_98063
942 _cBK
999 _c8105
_d8103